00555 2200205 4500001002100000005001500021035002000036007000300056008004100059020002200100082000800122084001400130100001400144245005500158250001100213260004700224300003700271650003000308700001100338INLIS00000000000192720251010083424 a0010-1025000035ta251010 g 0 ind  a978-602-02-3568-4 a920 a920 SAH k0 aSahanjaya1 aKumpulan Kisah Tokoh Perjuangan Dunia /cSahanjaya aCet. 1 aJakarta :bPT Elex Media Komputindo,c2014 a100 hlm. :bilust. ;c19 x 23 cm aBiografi tokoh perjuangan0 aDwi S.